000
00314nam a2200145Ia 4500
003
OSt
008
191201s2010 xx 000 0 und d
082
_a
658.15
_b
OBI
100
_a
OBRIEN, J Thomas
245
0
_a
International Finance
260
_b
Oxford
_c
2010
300
_a
302
650
_a
MBA
942
_2
ddc
_c
BK
999
_c
7129
_d
7129